| 000 | 00826nam a22002655i 4500 | ||
|---|---|---|---|
| 001 | 18627244 | ||
| 003 | OSt | ||
| 005 | 20180116192426.0 | ||
| 008 | 150522s2015 pk 000 0 eng | ||
| 010 | _a 2015325324 | ||
| 020 | _a9789698535292 | ||
| 025 | _aP-E-2015325324; 31 | ||
| 037 |
_bLibrary of Congress -- Islamabad Overseas Office _cRs 500 |
||
| 040 |
_aDLC _beng _cDLC _erda |
||
| 042 | _alcode | ||
| 082 |
_a325.3 _bSHA |
||
| 100 | 1 |
_aShāh, Ṣafdar ʻAlī, _d1948- _eauthor. _98090 |
|
| 245 | 1 | 0 |
_aColonialism English & Punjabi / _cSafdar Ali Shah. |
| 260 |
_aIslamabad: _bNational University of Science and Technology, _c2014. |
||
| 300 |
_a349 pages ; _c23 cm |
||
| 650 |
_a Panjabi literature. _98091 |
||
| 906 |
_a0 _bibc _corigode _d3 _encip _f20 _gy-gencatlg |
||
| 942 |
_2ddc _cBK |
||
| 999 |
_c354079 _d354079 |
||